LEADER 01270nam0 2200289 450 001 000034021 005 20260303151951.0 010 $a979-12-5965-049-8 100 $a20211207d2021----km-y0itay50------ba 101 0 $aita 102 $aIT 105 $ay-------001yy 200 1 $aProtezione del patrimonio genetico tra garantismo ed esigenze securitarie$efocus comparatistico e profili applicativi$fSalvatore Aceto di Capriglia 210 $aBari$cCacucci$dc2021 215 $aX,153 p.$d21 cm 225 2 $aSynteléia. Sezione Diritto$iCollana del Dipartimento di Giurisprudenza dell'Università degli studi di Napoli Parthenope$v3 410 0$12001$aSynteléia. Sezione Diritto 500 10$aProtezione del patrimonio genetico tra garantismo ed esigenze securitarie$92570334 610 1 $aGenoma$aTutela$aStati Uniti d'America [e] Unione europea$aDiritto privato comparato 676 $a346.012$v22$9Diritto delle persone 700 1$aAceto di Capriglia,$bSalvatore$0282019 801 0$aIT$bUNIPARTHENOPE$c20211207$gRICA$2UNIMARC 912 $a000034021 951 $aSYN 340/3$b48378$cNAVA1$d2021 951 $aPARTH-ADC/3$b49596$cNAVA1$d2025 996 $aProtezione del patrimonio genetico tra garantismo ed esigenze securitarie$92570334 997 $aUNIPARTHENOPE